World of Warcraft Trivia - Statistics

General Stats
  • This quiz has been taken 929 times
  • The average score is 14 of 24
Answer Stats
Hint Answer % Correct
How many raid members did it take to defeat Onyxia in the original Onyxia's Lair? 40
84%
Who is Illidan Stormrage's brother? Malfurion Stormrage
82%
In what expansion did Blizzard add the achievements system? Wrath of the Lich King
81%
What is the name of the Lich King's weapon? Frostmourne
80%
What is the region Durotar named after? Durotan, Thrall's Father
77%
Illidan Stormrage wields the Blades of _____. Azzinoth
74%
Who had the Emerald Dream? Ysera
74%
The Dark Portal goes from Hellfire Peninsula to where? The Blasted Lands
73%
The Kal'Dorei are now known as what? Night Elves
68%
What mildly popular MOBA was first made as a game type in Warcraft 3? Dota 2
64%
Who was the queen of the Highborne? Queen Azshara
64%
Tempest Keep is located in which region? Netherstorm
63%
What is Thrall's real name? Go'el
61%
Which classic dungeon is home to the fall of Leeroy Jenkins? Blackrock Spire
60%
Who claims to play as a Night Elf Mohawk? Mr. T
58%
Where can you start the quest chain to get Noggenfogger Elixir? Gadgetzan
54%
From what heroic dungeon were you able to obtain the Raven Lord mount? Sethekk Halls
53%
What paladin helps you defeat Arthas in the Lich King encounter? Tirion Fordring
53%
Who is the leader of the Dragonflight? Alexstrasza, the Lifebinder
50%
What achievement do you get for killing all of the Alliance leaders? For the Horde
41%
What does the acronym AQ40 stand for? The Temple of Ahn'Qiraj
37%
The Spirit of Competition was a seasonal event for which event in 2008? The Beijing Olympics
34%
What faction was created to defeat the Lich King? The Ashen Verdict
21%
Where can you buy Rumsey Rum Black Label? Old Hillsbrad
9%
No matching quizzes found
Score Distribution
Percent of People with Each Score
Percentile by Number Answered
Your Score History
You have not taken this quiz